| 000 | 00625nam a2200205Ia 4500 | ||
|---|---|---|---|
| 003 | OSt | ||
| 005 | 20250804170540.0 | ||
| 008 | 210423s1977 xx 000 0 und d | ||
| 040 | _cAL | ||
| 041 | _aEnglish | ||
| 082 |
_a320 _bJAFH |
||
| 100 |
_aChristophe Jaffrelot _9103336 |
||
| 245 | _aHindu nationalist movement and indian politics 1925 to the 1990s | ||
| 260 |
_aBangalore _bBangalore university _c1977 |
||
| 300 |
_aiii,276p. _bPB |
||
| 650 |
_aPolitical Science _9103337 |
||
| 650 |
_aPolitical Science _9103337 |
||
| 906 | _a1925 ; 1990s ; Hindu ; indian ; movement ; nationalist ; politics | ||
| 942 |
_2ddc _cBK |
||
| 999 |
_c171998 _d171998 |
||